Cambio sin Ruptura. Una conversación sobre el reformismo.

Saved in:
Bibliographic Details
Main Author: Ottone Fernández, Ernesto (autor)
Other Authors: Walker, Ignacio (autor), Montes, Rocio (introducción)
Format: Book
Language:English
Published: Valparaíso, Chile: Ediciones Universitarias de Valparaíso, Pontificia Universidad Católica de Valparaíso, 2021.
Subjects:
Tags: Add Tag
No Tags, Be the first to tag this record!

MARC

LEADER 00000nam a22000007a 4500
003 CL-VaPUC
005 20221222114424.0
008 220606b2021 ||||| |||| 00| 0 eng d
999 |c 435827  |d 435825 
020 |a 978-956-17-0972-0 
040 |c Pontificia Universidad Católica de Valparaíso 
082 0 4 |2 22  |a 983.065 OTT 2021 
100 |a Ottone Fernández, Ernesto  |e autor  |9 574803 
245 1 0 |a Cambio sin Ruptura.  |b Una conversación sobre el reformismo.  
260 |a Valparaíso, Chile:  |b Ediciones Universitarias de Valparaíso,  |b Pontificia Universidad Católica de Valparaíso,   |c 2021. 
300 |a 243 páginas 
500 |a C.1 Donación. Ediciones Universitarias de Valparaíso. Memo 03/05/2022 C.2 Donación Sr. Rector Nelson Vásquez Lara, julio 2022. 
583 |c 20220606  |k Catalogador Asistente 
650 1 |a Historia de Chile  |y 1973-1990  |9 874915 
650 1 |a Condiciones sociales  |z Chile  |y Siglo 20  |9 874916 
650 1 |a Política y gobierno  |z Chile  |y Siglo 20  |9 874917 
700 |a Walker, Ignacio  |e autor  |9 857401 
700 |a Montes, Rocio  |e introducción  |9 870295 
942 |2 ddc  |c BK 
952 |0 0  |1 0  |2 ddc  |4 0  |6 983_065000000000000_OTT_2021  |7 0  |8 A  |9 583463  |a BIBHIS  |b BIBHIS  |c GEN  |d 2022-06-06  |e Donación  |i 5651602  |l 2  |o 983.065 OTT 2021  |p 5651602  |r 2025-01-20  |s 2023-10-04  |t 1  |w 2022-06-06  |y BK  |k HIS 
952 |0 0  |1 0  |2 ddc  |4 0  |6 983_065000000000000_OTT_2021  |7 0  |8 A  |9 586238  |a BIBHIS  |b BIBHIS  |c GEN  |d 2022-08-16  |e Donación   |i 5654137  |o 983.065 OTT 2021  |p 5654137  |r 2025-01-20  |t 2  |w 2022-08-16  |y BK  |k HIS